<?xml version="1.0" encoding="UTF-8"?>
<record
    xmlns:xsi="http://www.w3.org/2001/XMLSchema-instance"
    xsi:schemaLocation="http://www.loc.gov/MARC21/slim http://www.loc.gov/standards/marcxml/schema/MARC21slim.xsd"
    xmlns="http://www.loc.gov/MARC21/slim">

  <leader>02120cam a2200349 a 4500</leader>
  <controlfield tag="003">EG-GiCUC</controlfield>
  <controlfield tag="005">20250223030900.0</controlfield>
  <controlfield tag="008">131102s2013    ua dh  f m    000 0 eng d</controlfield>
  <datafield tag="040" ind1=" " ind2=" ">
    <subfield code="a">EG-GiCUC</subfield>
    <subfield code="b">eng</subfield>
    <subfield code="c">EG-GiCUC</subfield>
  </datafield>
  <datafield tag="041" ind1="0" ind2=" ">
    <subfield code="a">eng</subfield>
  </datafield>
  <datafield tag="049" ind1=" " ind2=" ">
    <subfield code="a">Deposite  </subfield>
  </datafield>
  <datafield tag="097" ind1=" " ind2=" ">
    <subfield code="a">Ph.D</subfield>
  </datafield>
  <datafield tag="099" ind1=" " ind2=" ">
    <subfield code="a">Cai01.11.15.Ph.D.2013.Ay.S</subfield>
  </datafield>
  <datafield tag="100" ind1="0" ind2=" ">
    <subfield code="a">Ayman Mohamed Taher</subfield>
  </datafield>
  <datafield tag="245" ind1="1" ind2="0">
    <subfield code="a">Sonohsterography, 2D and 3D ultrasonography versus diagnostic hysteroscopy in assessment of uterine factor in cases of female infertility / </subfield>
    <subfield code="c">Ayman Mohamed Taher ; Supervised Shamel Mostafa Hefny , Fouad Abdelkar Abohemila , Wael Sayed Elsherbiny</subfield>
  </datafield>
  <datafield tag="246" ind1="1" ind2="5">
    <subfield code="a">&#x62A;&#x635;&#x648;&#x64A;&#x631; &#x627;&#x644;&#x62A;&#x62C;&#x648;&#x64A;&#x641; &#x627;&#x644;&#x631;&#x62D;&#x645;&#x649; &#x628;&#x627;&#x633;&#x62A;&#x62E;&#x62F;&#x627;&#x645; &#x627;&#x644;&#x645;&#x648;&#x62C;&#x627;&#x62A; &#x641;&#x648;&#x642; &#x627;&#x644;&#x635;&#x648;&#x62A;&#x64A;&#x629; &#x645;&#x639; &#x62D;&#x642;&#x646; &#x645;&#x62D;&#x644;&#x648;&#x644; &#x645;&#x644;&#x62D; &#x648;&#x627;&#x644;&#x645;&#x648;&#x62C;&#x627;&#x62A; &#x641;&#x648;&#x642; &#x627;&#x644;&#x635;&#x648;&#x62A;&#x64A;&#x629; &#x62B;&#x646;&#x627;&#x626;&#x64A;&#x629; &#x648;&#x62B;&#x644;&#x627;&#x62B;&#x64A;&#x629; &#x627;&#x644;&#x623;&#x628;&#x639;&#x627;&#x62F; &#x648;&#x645;&#x642;&#x627;&#x631;&#x646;&#x62A;&#x647;&#x645; &#x645;&#x639; &#x627;&#x644;&#x645;&#x646;&#x638;&#x627;&#x631; &#x627;&#x644;&#x631;&#x62D;&#x645;&#x649; &#x627;&#x644;&#x62A;&#x634;&#x62E;&#x64A;&#x635;&#x649; &#x641;&#x649; &#x62A;&#x642;&#x64A;&#x64A;&#x645; &#x627;&#x644;&#x631;&#x62D;&#x645; &#x643;&#x639;&#x627;&#x645;&#x644; &#x645;&#x633;&#x628;&#x628; &#x644;&#x644;&#x639;&#x642;&#x645; &#x644;&#x62F;&#x649; &#x627;&#x644;&#x625;&#x646;&#x627;&#x62B;</subfield>
  </datafield>
  <datafield tag="260" ind1=" " ind2=" ">
    <subfield code="a">Cairo : </subfield>
    <subfield code="b">Ayman Mohamed Taher , </subfield>
    <subfield code="c">2013</subfield>
  </datafield>
  <datafield tag="300" ind1=" " ind2=" ">
    <subfield code="a">136 Leaves : </subfield>
    <subfield code="b">charts , facsimiles ; </subfield>
    <subfield code="c">25cm</subfield>
  </datafield>
  <datafield tag="502" ind1=" " ind2=" ">
    <subfield code="a">Thesis (Ph.D.) - Cairo University - Faculty of Medicine - Department of Gynecology and Obstetrics</subfield>
  </datafield>
  <datafield tag="520" ind1=" " ind2=" ">
    <subfield code="a">The purpose of this study was to compare the efficacy of three dimensional sonography with tow - dimensional saline infusion sonohsterography (2D SIS) in evaluation of uterine cavity in infertile patients in reference to office hysteroscopy . Conclusion : From our study we could conclude that 2D sonohsterography has an accuracy rate higher than that of 2D sonography which is preceded by that of 3D US . SO, saline infusion may not needed if 3D US machine is available</subfield>
  </datafield>
  <datafield tag="530" ind1=" " ind2=" ">
    <subfield code="a">Issued also as CD</subfield>
  </datafield>
  <datafield tag="653" ind1=" " ind2="4">
    <subfield code="a">2D sonography </subfield>
  </datafield>
  <datafield tag="653" ind1=" " ind2="4">
    <subfield code="a">2D sonohsterography </subfield>
  </datafield>
  <datafield tag="653" ind1=" " ind2="4">
    <subfield code="a">Hysteroscopy .</subfield>
  </datafield>
  <datafield tag="700" ind1="0" ind2=" ">
    <subfield code="a">Fouad Abdelkar Abohemila , </subfield>
    <subfield code="e">Supervisor</subfield>
  </datafield>
  <datafield tag="700" ind1="0" ind2=" ">
    <subfield code="a">Shamel Mostafa Hefny , </subfield>
    <subfield code="e">Supervisor</subfield>
  </datafield>
  <datafield tag="700" ind1="0" ind2=" ">
    <subfield code="a">Wael Sayed Elsherbiny , </subfield>
    <subfield code="e">Supervisor</subfield>
  </datafield>
  <datafield tag="856" ind1=" " ind2=" ">
    <subfield code="u">http://172.23.153.220/th.pdf</subfield>
  </datafield>
  <datafield tag="905" ind1=" " ind2=" ">
    <subfield code="a">Nazla</subfield>
    <subfield code="e">Revisor</subfield>
  </datafield>
  <datafield tag="905" ind1=" " ind2=" ">
    <subfield code="a">Soheir</subfield>
    <subfield code="e">Cataloger</subfield>
  </datafield>
  <datafield tag="942" ind1=" " ind2=" ">
    <subfield code="2">ddc</subfield>
    <subfield code="c">TH</subfield>
  </datafield>
  <datafield tag="999" ind1=" " ind2=" ">
    <subfield code="c">43946</subfield>
    <subfield code="d">43946</subfield>
  </datafield>
  <datafield tag="952" ind1=" " ind2=" ">
    <subfield code="2">ddc</subfield>
    <subfield code="7">0</subfield>
    <subfield code="a">CUCL</subfield>
    <subfield code="b">cl210</subfield>
    <subfield code="d">2024-02-11</subfield>
    <subfield code="o">Cai01.11.15.Ph.D.2013.Ay.S</subfield>
    <subfield code="p">01010110061345000</subfield>
    <subfield code="r">2023-09-22 00:00:00</subfield>
    <subfield code="y">TH</subfield>
  </datafield>
  <datafield tag="952" ind1=" " ind2=" ">
    <subfield code="2">ddc</subfield>
    <subfield code="7">0</subfield>
    <subfield code="a">CUCL</subfield>
    <subfield code="b">cl2u8</subfield>
    <subfield code="d">2024-02-11</subfield>
    <subfield code="o">Cai01.11.15.Ph.D.2013.Ay.S</subfield>
    <subfield code="p">01020110061345000</subfield>
    <subfield code="r">2023-09-22 00:00:00</subfield>
    <subfield code="t">61345.CD     </subfield>
    <subfield code="y">CD</subfield>
  </datafield>
</record>
